ပိုၼ်းဝဵင်းမူႇၸေႊ (Record no. 22986)

000 -LEADER
fixed length control field 01276nam a22002057a 4500
003 - CONTROL NUMBER IDENTIFIER
control field OSt
005 - DATE AND TIME OF LATEST TRANSACTION
control field 20260122192249.0
008 - FIXED-LENGTH DATA ELEMENTS--GENERAL INFORMATION
fixed length control field 230308b ||||| |||| 00| 0 eng d
040 ## - CATALOGING SOURCE
Transcribing agency Ost
041 ## - LANGUAGE CODE
Language code of text/sound track or separate title Shan
082 ## - DEWEY DECIMAL CLASSIFICATION NUMBER
Classification number 959.116
245 ## - TITLE STATEMENT
Title ပိုၼ်းဝဵင်းမူႇၸေႊ
Statement of responsibility, etc. ၵေႃလိၵ်ႈလၢႆးလႄႈၽိင်ႈငႄႈတႆးတူင်ႉဝဵင်းမူႇၸေႊ
260 ## - PUBLICATION, DISTRIBUTION, ETC.
Place of publication, distribution, etc. တႃႈၵုင်ႈ
Name of publisher, distributor, etc. မွၵ်ႇၵူႇသွႆႈလႅင်
Date of publication, distribution, etc. 2008
300 ## - PHYSICAL DESCRIPTION
Extent 111 ၼႃႈ
Other physical details ႁၢင်ႈ၊ ႁၢင်ႈၽႅၼ်ႇလိၼ်
Dimensions 23 ၸိၼ်ႇထီႇ
500 ## - GENERAL NOTE
General note S-SAT: Dr. Prof Sai Aung Tun
General note တႅမ်ႈဝႆႉတင်းတႆး၊ မၢၼ်ႈ လႄႈ ဢင်းၵိတ်း သၢမ်ၽႃႇသႃႇ၊ မၢႆတွင်ႈၸဝ်ႈၵိၼ်မိူင်းၽွင်ႈငမ်းဝဵင်းမူႇၸေႊထူၼ်ႈတဵမ် (100) ပီႊ။ ပဵၼ်ပပ်ႉၸဝ်ႈတႃႇၼႁင်းၶေႃ ၶွင်းတွၵ်ႉတိူဝ်ႉၸၢႆးဢွင်ႇထုၼ်း။
942 ## - ADDED ENTRY ELEMENTS (KOHA)
Koha item type Book (Short term)
650 ## - SUBJECT ADDED ENTRY--TOPICAL TERM
Source of heading or term ပိုၼ်းဝဵင်းမူႇၸေႊ
Source of classification or shelving scheme
Holdings
Withdrawn status Lost status Source of classification or shelving scheme Damaged status Not for loan Collection Code Permanent Location Current Location Shelving location Date acquired Total Checkouts Full call number Barcode Date last seen Copy number Price effective from Koha item type Accession Date last checked out
            Shan State Buddhist University Library Shan State Buddhist University Library Special Collection Shelves 08/03/2023   959.116 ပိုၼ်း ႒႔႓႖(1) S-SAT SH00002436 08/03/2023 1 08/03/2023 Book (Short term) ႒႔႓႖(1) S-SAT  
            Shan State Buddhist University Library Shan State Buddhist University Library Special Collection Shelves 08/03/2023   959.116 ပိုၼ်း ႒႔႓႗(2) S-SAT SH00002437 08/03/2023 2 08/03/2023 Book (Short term) ႒႔႓႗(2) S-SAT  
          Tai Collection Shan State Buddhist University Library Shan State Buddhist University Library Tai Shelves 08/03/2023 4 959.116 ပိုၼ်း ႓႙႖႓ SH00003963 19/09/2025 3 08/03/2023 Books (Long term) ႓႙႖႓ 29/08/2025

Library - 09407999929
Admin Office - 09407999979
Dean Office - 09250910768
Registrar Office - 09892297154
Email - [email protected]
Shan State Buddhist University, Phaya Phyu Taunggyi, Shan State, Myanmar.